LEADER 01468nam a2200325 a 4500 001 000000127422 003 CaOOAMICUS 005 20120131094326.0 008 120131s2011 it u000 u ita r 020 $a978-88-13-31502-3 040 $aPUL$bita 082 04$a346.45 245 03$aLe clausole nel diritto societario /$ca cura di Giovanni Meruzzi e Giovanni Tantini. 260 $aPadova :$bCEDAM,$c2011. 300 $aXXXVIII, 496 p. ;$c25 cm. 490 1 $aTrattato di diritto commerciale e di diritto pubblico dell'economia ;$v61 504 $aBibliografia: p. [XIX]-XXXVIII ed in nota. 650 4$aDiritto privato$zItalia.$0(OLS)http://pul/subject/1235 650 4$aDiritto societario.$0(OLS)http://pul/subject/29527 700 1 $aMeruzzi, Giovanni.$0(OLS)http://pul/name/81273 700 1 $aTantini, Giovanni.$0(OLS)http://pul/name/81274 830 0$aTrattato di diritto commerciale e di diritto pubblico dell'economia ;$v61.$0(OLS)http://pul/title/136395 850 $aPUL 852 $aPUL$W1$xSL Diritto e Scienze Sociali 3$y79$m346. 45 GALFR 4.61$j147407$qDDC 21$B146041$CPULBib$Z2$F146041 $H118936 $82 941 1 $a9 996 $6020$a978-88-13-31502-3$9(OLS)http://pul/number/148755 996 $6082$a346.45$9(OLS)http://pul/classification/372 996 $6245$aLe clausole nel diritto societario$9(OLS)http://pul/title/161011 996 $6260$aPadova :$bCEDAM$9(OLS)http://pul/publisher/48126 LEADER 01451nam a2200301 a 4500 001 000000147438 003 CaOOAMICUS 005 20151117133130.0 008 151117s1949 ua af u000 u fre r 032 $aLibriCat 040 $aPUL$bita 041 0 $afre$aara 100 1 $aClot-Bey, A. B.$q(Antoine Barthélemy),$d1793-1868.$0(OLS)http://pul/name/46719 245 10$aMémoires de A.-B. Clot Bey / $cpubliés et annotés par Jacques Tagher ... 260 $aLe Caire :$bImprimerie de l'Institut Français d'Archéologie Orientale,$c1949. 300 $aXVI, 417 p., XII p. di tav. :$bill. ;$c28 cm. 490 1 $aPublications de la Bibliothèque privée de S.M. Farouk Ier, Roi d'Egypte ;$v01 546 $aAlcune pagine in arabo. 651 4$aEgitto$xArte$xArcheologia.$0(OLS)http://pul/subject/36307 700 1 $aTagher, Jacques.$0(OLS)http://pul/name/94259 830 0$aPublications de la Bibliothèque privée de S.M. Farouk Ier, Roi d'Egypte ;$v01.$0(OLS)http://pul/title/186101 850 $aPUL 852 $aPUL$W1$xDP1 Religione 1$y20$m642 P 24$j170395$qStampati$B171174$CPULBib$Z2$F171174 $81 941 1 $a8 961 $aNota ms. sul front. per precedente collocazione: Biogr. 18 A 996 $6245$aMémoires de A.-B. Clot Bey / $9(OLS)http://pul/title/186100 996 $6260$aLe Caire :$bImprimerie de l'Institut Français d'Archéologie Orientale$9(OLS)http://pul/publisher/84236